000 00507cam a2200205 4500
008 090401t1988 xxu||||| |||| 00| 0 eng d
020 _a0727713485
035 _a(Sirsi) u73973
041 _aeng
050 _a658.80962
100 _aScanlon, Brian
245 _aMarketing of engineering services
260 _aLondon
_bThomas Telford
_c1988
300 _a112p. ; 22cm.
350 _a11.5
490 _aEngineering Management
650 _aCIVIL ENGINEERING
942 _n0
948 _c04/03/1997
999 _c95749
_d95749